| 000 | 00650nam a22002177a 4500 | ||
|---|---|---|---|
| 003 | OSt | ||
| 005 | 20251128111505.0 | ||
| 008 | 251128b |||||||| |||| 00| 0 eng d | ||
| 020 | _a978-971-23-5729-9 | ||
| 040 |
_aDWCL-Admin lib _cOC |
||
| 082 | _aFil. 372.21 L666h 2010 | ||
| 100 | _aLeviste, Joyce V. | ||
| 245 |
_aHow to teach the Filipino preschool / _cJoyce V. Leviste |
||
| 260 |
_a Manila : _bRex Bok Store, _cc2010 |
||
| 300 |
_a viii, 179 p. : _bill. ; _c25 cm. |
||
| 504 | _aIncludes index | ||
| 650 | _a1. Day care centers | ||
| 650 | _a2. Early childhood education | ||
| 650 | _a3. Nursery schools | ||
| 942 |
_2ddc _cBK - FIL _kFil. _n0 |
||
| 999 |
_c6559 _d6559 |
||